Tutto il discorso di auto incoraggiamento di Saetta - Cars - Statistics

Statistiche generali
  • Questo quiz è stato fatto 167 volte
  • Il punteggio medio è 34 su 48
Statistiche sulle risposte
Discorso: % Corretto
sono
97%
Sono
97%
sono
97%
sono
97%
a
95%
I
95%
io
93%
Velocità,
93%
velocità!
93%
Velocità!
93%
colazione!
83%
Colazione?
83%
colazione,
83%
me
83%
pura
83%
Un
83%
li
82%
mangio
80%
Saetta!
80%
perdenti.
79%
perdenti
79%
vincitore,
76%
No,
74%
no,
74%
no,
74%
no,
74%
fare
72%
quarantadue
71%
Forse
70%
avrei
68%
dovuto
68%
una
62%
concentrato!
58%
resta
58%
veloce,
58%
Ci
56%
Concentrati.
55%
più
55%
più
55%
che
51%
che
51%
siamo.
50%
mi
49%
rapido:
48%
ora
38%
meglio.
37%
sentirei
34%
Ecco.
28%
Nessun quiz corrispondente trovato
Distribuzione punteggi
Percentuale di utenti per punteggio
Percentile per numero di risposta
I tuoi punteggi nel tempo
Non hai fatto questo quiz